| 000 | 00927cam a2200205 4500 | ||
|---|---|---|---|
| 001 | WB3901-25 | ||
| 008 | 030109n2003 000 0 eng u | ||
| 035 | _a(Sirsi) u120955 | ||
| 245 | _aNo seasonal goodwill | ||
| 260 | _c2003 | ||
| 490 |
_aEstates Gazette _v(0301) 4 January 2003, 64(1) |
||
| 520 | _aThe recent case "R v London Rent Assessment Committee, ex parte Lester" [2002] 46 EG 199 (CS) confirms that under assured tenancies, proposed rent increases by landlords automatically take effect unless the tenant refers the matter to a rent assessment committee (RAC), and the RAC receives the reference within the time limit. | ||
| 590 | _aWB | ||
| 650 | _aR V LONDON RENT ASSESSMENT COMMITTEE EX P LESTER | ||
| 650 | _aTIME LIMITS | ||
| 650 | _aHOUSING ACT 1988 S13 | ||
| 650 | _aASSURED TENANCIES | ||
| 690 | _aPROPERTY-RESIDENTIAL PROPERTY-RESIDENTIAL LANDLORD AND TENANT-RESIDENTIAL TENANCIES | ||
| 942 | _n0 | ||
| 999 |
_c71903 _d71903 |
||